000
00319nam a2200109Ia 4500
008
171211s9999 xx 000 0 und d
245
4
_a
The Continuing Evolution of Europe
245
_c
Thiess Buettner and Wolfgang Ochel
260
_c
2011
650
_x
ECONOMICS
856
_u
http://down.ebook777.com/062/0262017016.pdf
999
_c
349600
_d
349600